| 000 | 00606nam a22002057a 4500 | ||
|---|---|---|---|
| 005 | 20251105091543.0 | ||
| 020 | _a2-03-514301-2 | ||
| 037 | _aBC_730 60 | ||
| 040 |
_aBC-ENSA _bfre |
||
| 041 |
_afre _bfre |
||
| 080 | _a631 | ||
| 100 | _aCLEMENT, Jean-Michel | ||
| 245 | _aLarousse agricole | ||
| 260 |
_aParis _bLarousse _c1981 |
||
| 300 |
_a1207 p. _bill. en coul., couv. ill. en coul. _c29 cm |
||
| 541 | _cDON | ||
| 562 | _e01 exemplaire(s) | ||
| 650 | _aAGRICULTURE/PRODUCTION VEGETALE/PRODUCTION ANIMALE/ENVIRONNEMENT/MATERIEL AGRICOLE/SECTEUR AGROINDUSTRIEL | ||
| 942 | _c09 | ||
| 999 |
_c36326 _d64324 |
||